Logos - Clubs de Football - Statistiques

Statistiques générales
  • Ce quiz a été pris 946 fois
  • Le résultat moyen est 12 sur 16
Statistiques - réponses
Par images Réponse % Correct
Juventus Turin
100%
Bétis Séville
94%
Stade de Reims
93%
Villarreal
92%
Bologne
90%
Celta Vigo
82%
Étoile Rouge de Belgrade
81%
Al-Hilal
79%
Shakthar Donestk
74%
Anderlecht
70%
Osasuna
70%
Werder Brême
70%
Swansea City
64%
Borussia Mönchengladbach
55%
Spartak Moscou
31%
Vitoria Guimaraes
25%
Aucun quiz correspondant
Distribution des résultats
% des personnes avec chaque résultat
Percentile par nombre de réponses
Votre historique - résultats
Vous n’avez pas pris ce quiz